000 00720nam a2200265Ia 4500
003 OSt
005 20221006152019.0
006 a|||||r|||| 00| 0
007 ta
008 221006b |||||||| |||| 00| 0 jpn d
020 _c¥5500
024 _a24,217
037 _bGift, Japan Foundation
_cTextual
040 _aEASL
_cEASL
_bjpn
041 _2jpn
_ajpn
082 _aX.42.N9, P1
100 _aHIRASAWA Teruo
_9660553
245 0 _aDaikyokoki nihon no keizai tosei
260 _aTokyo
_bNihon Keizai Hyoronsha Japan
_c2001
300 _a292p.
_ccm.
490 _v JL
650 _aJL
942 _hX.42.N9, P1
_cTEXL
_2CC
999 _c1092303
_d1092303